| 000 | 00611nam a2200169 a 4500 | ||
|---|---|---|---|
| 005 | 20140412111233.0 | ||
| 008 | 010521s19uu xx 00 eng d | ||
| 050 |
_aTR(GS 372.3 _bA31 1987 |
||
| 100 | _aAmerikaner, Susan | ||
| 245 |
_aReading, bk. 1 : _bto develop your child's gifts and talents / _cwritten by Susan Amerikaner; edited by Amy C. Shields and Ann Laner; illustrated by Leesa Whitten. |
||
| 260 |
_aNew York : _bPlaymore, Inc, _c1987. |
||
| 300 | _a48p. ; ill. | ||
| 440 | _aGifted & Talented workbooks | ||
| 650 | _aReading-Study and teaching | ||
| 650 | _aReading worksheets | ||
| 999 |
_c102264 _d102264 |
||